[Event "Bois Gentil op"]
[Site "Geneve"]
[Date "2016.02.05"]
[Round "4"]
[White "Cesareo, Fabio"]
[Black "Ruiz, Jose"]
[Result "1-0"]
[WhiteElo "2145"]
[BlackElo "2110"]
[PlyCount "71"]
[EventDate "2016.01.15"]
[EventType "swiss"]
[EventRounds "7"]
[EventCountry "SUI"]
[SourceTitle "EXT 2017"]
[Source "ChessBase"]
[SourceDate "2016.10.25"]
[SourceVersion "1"]
[SourceVersionDate "2016.10.25"]
[SourceQuality "1"]

1. Nf3 Nf6 2. g3 b6 3. Bg2 Bb7 4. 0-0 g6 5. d4 d5 6. c4 dxc4 7. Qa4+ Bc6 8. Qxc4 Bg7 9. Ne5 Bd5 10. Bxd5 Qxd5 11. Qxc7 0-0 12. e3 Ne4 13. f3 Qd6 14. Qb7 Ng5 15. Qxa8 Nd7 16. Qc6 Bxe5 17. Qxd6 Bxd6 18. Nc3 e5 19. Nb5 Bb8 20. dxe5 Rc8 21. f4 Ne4 22. Rd1 Ndc5 23. Rd4 a6 24. Na3 f5 25. exf6 Nxf6 26. Bd2 Ne6 27. Rd3 b5 28. Rc1 Re8 29. Rc6 Ne4 30. Nc2 N6c5 31. Rd5 Nxd2 32. Rdxc5 Ba7 33. Rc8 Bxc5 34. Rxe8+ Kf7 35. Rc8 Ne4 36. Ra8 1-0

[Event "Bois Gentil op"]
[Site "Geneve"]
[Date "2016.01.29"]
[Round "3"]
[White "Ruiz, Jose"]
[Black "Vernay, Clovis"]
[Result "0-1"]
[WhiteElo "2110"]
[BlackElo "2477"]
[PlyCount "94"]
[EventDate "2016.01.15"]
[EventType "swiss"]
[EventRounds "7"]
[EventCountry "SUI"]
[SourceTitle "EXT 2017"]
[Source "ChessBase"]
[SourceDate "2016.10.25"]
[SourceVersion "1"]
[SourceVersionDate "2016.10.25"]
[SourceQuality "1"]

1. e4 e6 2. d4 d5 3. exd5 exd5 4. Bd3 Nc6 5. Nf3 Bg4 6. c3 Bd6 7. 0-0 Nge7 8. h3 Bh5 9. Re1 Qd7 10. b4 f6 11. a4 0-0-0 12. a5 Rdg8 13. b5 Nd8 14. Ba3 g5 15. b6 a6 16. bxc7 Ndc6 17. Bxd6 Qxd6 18. Nbd2 g4 19. hxg4 Bxg4 20. Rb1 Ng6 21. Qc2 Nge7 22. Rb6 Bh3 23. Bf1 Qf4 24. Kh1 Bf5 25. Qb2 Qxc7 26. Qa3 Rg6 27. Qc5 Rhg8 28. c4 Rd8 29. Re3 Rd7 30. Reb3 Nd8 31. Qa3 Be4 32. cxd5 Bxd5 33. Rc3 Ndc6 34. Bc4 Qd6 35. Qc1 Rc7 36. Qe1 Qd7 37. Re3 Qg4 38. Bf1 Rh6+ 39. Kg1 Qh5 40. Nh4 Qxh4 41. Rh3 Qg5 42. Rg3 Qf4 43. Nb3 Rh4 44. Nc5 Qh6 45. f3 Rh1+ 46. Kf2 Qh4 47. Ne6 Rd7 0-1

[Event "Geneve op 31st"]
[Site "Geneve"]
[Date "2014.08.01"]
[Round "4"]
[White "Prunescu, Claudiu"]
[Black "Ruiz, Jose"]
[Result "1-0"]
[WhiteElo "2270"]
[BlackElo "2108"]
[PlyCount "79"]
[EventDate "2014.07.29"]
[EventType "swiss"]
[EventRounds "7"]
[EventCountry "SUI"]
[SourceTitle "CBM 161 Extra"]
[Source "ChessBase"]
[SourceDate "2014.08.29"]
[SourceVersion "1"]
[SourceVersionDate "2014.08.29"]
[SourceQuality "1"]

1. d4 e6 2. c4 Nf6 3. Nf3 b6 4. g3 Bb7 5. Bg2 Bb4+ 6. Bd2 Be7 7. Nc3 0-0 8. Qc2 d6 9. 0-0 Nbd7 10. e4 c5 11. d5 e5 12. Ne1 Bc8 13. Nd3 Rb8 14. f4 Ne8 15. b4 exf4 16. gxf4 Bf6 17. Rae1 Bd4+ 18. Kh1 Qh4 19. e5 cxb4 20. Nb5 Bc5 21. Nxa7 g6 22. Nc6 Ra8 23. Bxb4 Ng7 24. Bxc5 Nxc5 25. Nxc5 bxc5 26. exd6 Bf5 27. Qf2 Qh5 28. Qxc5 Rxa2 29. Ne7+ Kh8 30. Nxf5 Nxf5 31. d7 Rg8 32. Rf2 Qh4 33. Kg1 h5 34. Ref1 Raa8 35. d6 Rad8 36. Qe5+ Kh7 37. Bc6 Qh3 38. c5 h4 39. Qf6 Rdf8 40. Bf3 1-0

[Event "Bois Gentil op"]
[Site "Geneve"]
[Date "2014.01.31"]
[Round "4"]
[White "De Abreu, Orlando"]
[Black "Ruiz, Jose"]
[Result "1/2-1/2"]
[WhiteElo "2012"]
[BlackElo "2076"]
[PlyCount "119"]
[EventDate "2014.01.10"]
[EventType "swiss"]
[EventRounds "7"]
[EventCountry "SUI"]
[SourceTitle "CBM 158 Extra"]
[Source "ChessBase"]
[SourceDate "2014.02.28"]
[SourceVersion "1"]
[SourceVersionDate "2014.02.28"]
[SourceQuality "1"]

1. e4 c5 2. d4 cxd4 3. c3 d5 4. exd5 Qxd5 5. cxd4 e5 6. Nc3 Bb4 7. Bd2 Bxc3 8. Bxc3 exd4 9. Qxd4 Qxd4 10. Bxd4 Nf6 11. Bxf6 gxf6 12. Nf3 Nc6 13. Bb5 Bd7 14. 0-0 0-0-0 15. Rac1 a6 16. Ba4 Kb8 17. Rfd1 Bg4 18. Bxc6 bxc6 19. Rd4 Bxf3 20. Rxd8+ Rxd8 21. gxf3 Kc7 22. Rc3 Rd2 23. Rb3 a5 24. Kg2 Rc2 25. Kg3 a4 26. Rb4 a3 27. bxa3 c5 28. Rf4 c4 29. Rxf6 c3 30. Rxf7+ Kd6 31. Rxh7 Rd2 32. Rh8 Rd5 33. Rc8 Rc5 34. Rd8+ Ke5 35. Rd1 c2 36. Rc1 Kd4 37. f4 Kd3 38. Kg4 Rc8 39. f5 Re8 40. Kf4 Rh8 41. Ke5 Rxh2 42. f4 Re2+ 43. Kd6 Re4 44. f6 Rxf4 45. Ke5 Rf2 46. a4 Kc4 47. Ke6 Re2+ 48. Kd6 Rf2 49. Ke7 Kb4 50. f7 Re2+ 51. Kd6 Rf2 52. Ke6 Re2+ 53. Kd5 Rf2 54. Rxc2 Rxf7 55. Rc4+ Ka5 56. Rc8 Ra7 57. Rc4 Rb7 58. a3 Rb8 59. Rc7 Ra8 60. Rc4 1/2-1/2

[Event "Geneve op 27th"]
[Site "Geneve"]
[Date "2013.03.08"]
[Round "7"]
[White "Ruiz, Jose"]
[Black "Nawrocki, Bronislaw"]
[Result "1-0"]
[WhiteElo "2181"]
[BlackElo "1748"]
[PlyCount "75"]
[EventDate "2013.01.18"]
[EventType "swiss"]
[EventRounds "7"]
[EventCountry "SUI"]
[SourceTitle "EXT 2014"]
[Source "ChessBase"]
[SourceDate "2013.11.20"]
[SourceVersion "1"]
[SourceVersionDate "2013.11.20"]
[SourceQuality "1"]

1. e4 d5 2. exd5 Qxd5 3. Nc3 Qd6 4. d4 Nf6 5. Nf3 a6 6. Bc4 b5 7. Bb3 Bb7 8. Ne5 Nbd7 9. Nxf7 Qc6 10. d5 Qb6 11. Be3 c5 12. Nxh8 Ne5 13. h3 0-0-0 14. f4 Nc4 15. Bxc4 bxc4 16. 0-0 Nxd5 17. Nxd5 Bxd5 18. Qe2 g6 19. Rad1 Bg7 20. Rxd5 Rxd5 21. Qxc4 e6 22. Nf7 Bxb2 23. Rb1 Kc7 24. Kh2 g5 25. Nxg5 Rxg5 26. Rxb2 Rxg2+ 27. Kxg2 Qxb2 28. Bxc5 Qb7+ 29. Kh2 Qc6 30. a4 Qd7 31. Bf2+ Kb7 32. Qd4 Qc6 33. a5 Qxc2 34. Qb6+ Kc8 35. Qxa6+ Kd7 36. Qb5+ Kd8 37. Qc5 Qe4 38. Qd4+ 1-0

[Event "Geneve op 27th"]
[Site "Geneve"]
[Date "2013.02.01"]
[Round "3"]
[White "Hariz, Haissam"]
[Black "Ruiz, Jose"]
[Result "1/2-1/2"]
[WhiteElo "1929"]
[BlackElo "2181"]
[PlyCount "101"]
[EventDate "2013.01.18"]
[EventType "swiss"]
[EventRounds "7"]
[EventCountry "SUI"]
[SourceTitle "EXT 2014"]
[Source "ChessBase"]
[SourceDate "2013.11.20"]
[SourceVersion "1"]
[SourceVersionDate "2013.11.20"]
[SourceQuality "1"]

1. d4 Nf6 2. c4 e6 3. Nc3 c5 4. d5 exd5 5. cxd5 d6 6. Nf3 g6 7. Bf4 a6 8. a4 Bg7 9. e3 0-0 10. Bd3 Re8 11. 0-0 Qc7 12. h3 Nbd7 13. Nd2 Ne5 14. Bxe5 dxe5 15. Qf3 Bd7 16. Rfc1 Rab8 17. Nde4 Nxe4 18. Nxe4 b6 19. Bc4 Bf5 20. Bxa6 Bxe4 21. Qxe4 f5 22. Qc4 Qd6 23. Bb5 Red8 24. a5 e4 25. Ra2 bxa5 26. Qxc5 Qxc5 27. Rxc5 Bf8 28. d6 Bxd6 29. Bc4+ Kf8 30. Rcxa5 Rdc8 31. R5a4 Be5 32. b3 Rxb3 33. g3 Rb1+ 34. Kg2 Rc1 35. Be2 Re1 36. Ra8 Rxa8 37. Rxa8+ Kg7 38. Ra7+ Kh6 39. Bc4 Rc1 40. Bg8 Bc7 41. Ra2 Kg7 42. Bb3 Bb6 43. Rd2 Rb1 44. Ba2 Rb4 45. h4 h5 46. Rd7+ Kf8 47. Rb7 Bc5 48. Rxb4 Bxb4 49. Kf1 Kg7 50. Ke2 Kf6 51. Bc4 1/2-1/2